Celebrities Who Died in 2023 by Picture - Statistics

General Stats
  • This quiz has been taken 148 times
  • The average score is 4 of 13
Answer Stats
Picture Answer % Correct
Matthew Perry
82%
Tina Turner
76%
Lisa Marie Presley
48%
Paul Reubens
41%
Tony Bennett
39%
Jerry Springer
31%
Bob Barker
29%
Alan Arkin
16%
Jimmy Buffett
12%
Lance Reddick
10%
Norman Lear
10%
Ray Stevenson
7%
Charles Stanley
2%
No matching quizzes found
Score Distribution
Percent of People with Each Score
Percentile by Number Answered
Your Score History
You have not taken this quiz